ARRUPE JESUIT UNIVERSITY

CORONAVIRUS -STOP THE SPREAD - CLEAN,DISINFECT,COVER

The End of slavery in Africa / (Record no. 121850)

MARC details
000 -LEADER
fixed length control field 01071pam a2200301 a 4500
001 - CONTROL NUMBER
control field 4803646
003 - CONTROL NUMBER IDENTIFIER
control field ARRUPE
005 - DATE AND TIME OF LATEST TRANSACTION
control field 20150121124121.0
008 - FIXED-LENGTH DATA ELEMENTS--GENERAL INFORMATION
fixed length control field 880620s1988 wiuab b s001 0 eng
010 ## - LIBRARY OF CONGRESS CONTROL NUMBER
LC control number 88040192
020 ## - INTERNATIONAL STANDARD BOOK NUMBER
International Standard Book Number 029911550X :
Terms of availability $47.50
020 ## - INTERNATIONAL STANDARD BOOK NUMBER
International Standard Book Number 0299115542 (pbk.)
040 ## - CATALOGING SOURCE
Original cataloging agency DLC
Transcribing agency DLC
Modifying agency DLC
043 ## - GEOGRAPHIC AREA CODE
Geographic area code f------
050 00 - LIBRARY OF CONGRESS CALL NUMBER
Classification number HT1323
Item number .E53 1988
082 00 - DEWEY DECIMAL CLASSIFICATION NUMBER
Classification number 306/.362/096
Edition number 19
300 ## - PHYSICAL DESCRIPTION
Other physical details ill., maps ;
Dimensions 24 cm.
245 04 - TITLE STATEMENT
Title The End of slavery in Africa /
Statement of responsibility, etc edited by Suzanne Miers and Richard Roberts.
260 ## - PUBLICATION, DISTRIBUTION, ETC. (IMPRINT)
Place of publication, distribution, etc Madison, Wis. :
Name of publisher, distributor, etc University of Wisconsin Press,
Date of publication, distribution, etc c1988.
300 ## - PHYSICAL DESCRIPTION
Extent xx, 524 p. :
504 ## - BIBLIOGRAPHY, ETC. NOTE
Bibliography, etc Includes bibliographies and index.
650 #0 - SUBJECT ADDED ENTRY--TOPICAL TERM
Topical term or geographic name as entry element Slavery
Geographic subdivision Africa
General subdivision History
Chronological subdivision 19th century.
9 (RLIN) 14475
650 #0 - SUBJECT ADDED ENTRY--TOPICAL TERM
Topical term or geographic name as entry element Slavery
Geographic subdivision Africa
General subdivision History
Chronological subdivision 20th century.
9 (RLIN) 14476
700 1# - ADDED ENTRY--PERSONAL NAME
Personal name Miers, Suzanne.
9 (RLIN) 14477
700 1# - ADDED ENTRY--PERSONAL NAME
Personal name Roberts, Richard L.,
Dates associated with a name 1949-
9 (RLIN) 14478
856 42 - ELECTRONIC LOCATION AND ACCESS
Materials specified Publisher description
Uniform Resource Identifier <a href="http://www.loc.gov/catdir/enhancements/fy0608/88040192-d.html">http://www.loc.gov/catdir/enhancements/fy0608/88040192-d.html</a>
906 ## - LOCAL DATA ELEMENT F, LDF (RLIN)
a 7
b cbc
c orignew
d 1
e ocip
f 19
g y-gencatlg
942 ## - ADDED ENTRY ELEMENTS (KOHA)
Source of classification or shelving scheme Library of Congress Classification
Koha item type Monograph ( Printed materials)
Holdings
Withdrawn status Lost status Source of classification or shelving scheme Damaged status Not for loan Collection code Home library Current library Shelving location Date acquired Total Checkouts Full call number Barcode Date last seen Date checked out Price effective from Koha item type
    Library of Congress Classification     Main Collection ARRUPE LIBRARY ARRUPE LIBRARY Main Collection 21/01/2015 1 HT1323 .E53 1988 46500003039 30/04/2018 23/10/2015 21/01/2015 Monograph ( Printed materials)

 

Arrupe Library. PO Box MP320 Mt Pleasant, Harare, Zimbabwe
263 242 745411|librarian@aju.ac.zw